Baba işlevi (Kayıt no. 10157)

MARC ayrıntıları
000 -BAŞLIK
Sabit Uzunlukta Kontrol Alanı 00994na a2200301 4500
001 - KONTROL NUMARASI
Denetim Alanı 12659
003 - KONTROL NUMARASI IDENTIFIER
Denetim Alanı MIRAKIL
005 - SON İŞLEM TARİHİ VE ZAMANI
Denetim Alanı 20181213155309.0
008 - SABİT-BOY VERİ ELEMANLARI - GENEL BİLGİLER
Sabit Uzunlukta Kontrol Alanı 160813b tu 000 0
020 ## - ULUSLARARASI STANDART KİTAP NUMARASI
Uluslararası Standart Kitap Numarası 9786053992646
035 ## - SİSTEM KONTROL NUMARASI
Sistem Kontrol Numarası 12659
040 ## - KATALOGLAMA KAYNAK
Orijinal Kataloglama Ajansı Milas
Kataloglama Dili tur
Metne Dönüştürmek Ajansı TR-AnCHP
082 ## - DEWEY ONLU SINIFLANDIRMA NUMARASI
Sınıflandırma Numarası 158.24
Ürün Numarası B21 2012
090 ## - SINIFLAMA NUMARASI
Sınıflama Numarası 158.24 B21 2012
245 ## - BAŞLIK TABLOSU
Başlık Baba işlevi
Sorumluluk Tablosu, Vb Derleyen M. Işıl Ertüzün ; Yayına hazırlayan Hatice Pınar Mutlu ; Düzelti Remzi Abbas
260 ## - YAYIN, DAĞITIM, VB
Yayın, Dağıtım, Vb Yeri İstanbul
Yayıncı, Dağıtıcı, Vs Adı İstanbul Bilgi Üniversitesi Yayınları
Yayın, Dağıtım, Vb Tarihi 2012
300 ## - FİZİKSEL TANIM
Kapsam xii, 176 s.
Boyutlar 23 sm.
490 ## - SERİSİ TABLOSU
Seri Beyanı Psike İstanbul Psikanaliz Kitaplığı Koferanslar
Hacim / Ardışık Tanımı 4
490 ## - SERİSİ TABLOSU
Seri Beyanı İstanbul Bilgi Üniversitesi yayınları
Hacim / Ardışık Tanımı 406
504 ## - KAYNAKÇA VB NOT
Kaynakça Vb Notu Dizin var.
650 ## - KONU KATMA GİRİŞ - TOPİKAL DÖNEM
Topikal Süreli Veya Coğrafi Ad Giriş Elemanı Baba ve çocuk
Genel Alt Bölümü Psikanaliz ve kültür
650 ## - KONU KATMA GİRİŞ - TOPİKAL DÖNEM
Topikal Süreli Veya Coğrafi Ad Giriş Elemanı Babalık
Genel Alt Bölümü Psikolojik yönler
650 ## - KONU KATMA GİRİŞ - TOPİKAL DÖNEM
Topikal Süreli Veya Coğrafi Ad Giriş Elemanı Psikanaliz
Genel Alt Bölümü Toplantılar
700 ## - KATMA GİRİŞ - KİŞİSEL İSİM
Kişisel Ad Abbas, Remzi
700 ## - KATMA GİRİŞ - KİŞİSEL İSİM
Kişisel Ad Mutlu, Hatice Pınar
700 ## - KATMA GİRİŞ - KİŞİSEL İSİM
Kişisel Ad Ertüzün, M. Işıl
942 ## - EKLENDİ GİRİŞ ELEMANLARI (KOHA)
Sınıflandırma Veya Raf Düzeni Kaynak Dewey Decimal Classification
Koha Öğesi Türü Kitaplar
999 ## - SİSTEM KONTROL NUMARALARI (KOHA)
Koha Biblionumber 10157
Koha Biblioitemnumber 10157
Mevcut
Kalıcı Konum Mevcut Konum Edinme Tarihi Edinim Kaynak Toplam Check-Out'Lar Tam Çağrı Numarası Barkod Tarih Son Görülme İtibaren Geçerli Fiyatlar Koha Öğesi Türü
CHP Kütüphanesi CHP Kütüphanesi 07/30/2016 Bağış   158.24 B21 2012 000513 07/30/2016 07/30/2016 Kitaplar